000 01147nam a22002777a 4500
005 20101206113148.0
008 101206t xxu||||| |||| 00| 0 hin d
010 _aHIN-93285
020 _c130.00
_a8181871510
035 _aHN-65631
037 _bDBAD/PUB
040 _aDPL
_bHN
082 _a821
100 _924598
_aचक्रवर्ती, पुरूषोत्तम
245 _aमहामहिम गाँव आएँगें /
_cपुरूषोत्तम चक्रवर्ती
246 _aMahaamahim gaon a yenge
_bby Purushottam Chakravarti
260 _aदिल्ली
_bआलेख प्रकाशन
_c2010
270 _bदिल्ली
_aबी-8, नवीन शाहदरा
_e110032
300 _a71पृ.
_c22सेमी (सजिल्द)
650 _91169
_aहिन्दी कविता
650 _929580
_aHindi Poetry
700 _924599
700 _924924
942 _2ddc
_cHN
_mचक्रव
_h821
999 _c54081
_d54081